[Event "Liga Madrileña 2010/2011 - D. Honor"]
[Site "Madrid ESP"]
[Date "2011.03.06"]
[Round "12.25"]
[White "Gemy Vargas, Jose Daniel"]
[Black "Prieto Martin, Alfonso"]
[Result "1-0"]
[WhiteElo "2316"]
[BlackElo "2173"]
[PlyCount "67"]
[EventDate "2010.11.21"]
[EventType "team"]
[EventRounds "14"]
[EventCountry "ESP"]
[Source "lmi"]
[SourceDate "2010.11.21"]
[WhiteTeam "La Casa del Ajedrez"]
[BlackTeam "Leganes"]
[WhiteTeamCountry "ESP"]
[BlackTeamCountry "ESP"]

1. Nf3 c5 2. g3 d5 3. Bg2 Nc6 4. c4 Nf6 5. cxd5 Nxd5 6. O-O e5 7. d3 Be7 8. Nc3
Be6 9. Bd2 O-O 10. a3 f6 11. Rc1 Rc8 12. Qa4 Qd7 13. Nxd5 Bxd5 14. b4 Rfd8 15.
Rfd1 Qe6 16. Rb1 e4 17. dxe4 Bxe4 18. Rbc1 Bd5 19. b5 Bb3 20. Bh3 Qf7 21. Qe4
Nd4 22. Nxd4 Rxd4 23. Qxd4 Re8 24. Qc3 Bxd1 25. Rxd1 Rd8 26. Rc1 b6 27. Bf4 h6
28. Qe3 f5 29. Bxf5 Qxf5 30. Qxe7 Rd4 31. Qxa7 Qg4 32. Be3 Rd7 33. Qxb6 c4 34.
Qc6 1-0

[Event "Liga Madrileña 2010/2011 - D. Honor"]
[Site "Madrid ESP"]
[Date "2011.03.06"]
[Round "12.26"]
[White "Davicce Cañada, Juan Antonio"]
[Black "Collado Barbas, Laura"]
[Result "1-0"]
[WhiteElo "2097"]
[BlackElo "2040"]
[PlyCount "99"]
[EventDate "2010.11.21"]
[EventType "team"]
[EventRounds "14"]
[EventCountry "ESP"]
[Source "lmi"]
[SourceDate "2010.11.21"]
[WhiteTeam "Leganes"]
[BlackTeam "La Casa del Ajedrez"]
[WhiteTeamCountry "ESP"]
[BlackTeamCountry "ESP"]

1. d4 d5 2. c4 e6 3. Nc3 c6 4. e3 Nd7 5. Qc2 Bd6 6. Nf3 f5 7. Bd3 Nh6 8. cxd5
exd5 9. O-O O-O 10. Rb1 Qf6 11. b4 g5 12. g3 Qg6 13. b5 Rf6 14. bxc6 bxc6 15.
Ne1 g4 16. Ng2 Nf8 17. Nh4 Qf7 18. Ne2 Bc7 19. Nf4 Ng6 20. Nhg2 Nf8 21. Ba3 Ng6
22. Rfc1 Nxf4 23. Nxf4 Kh8 24. Qa4 Bxf4 25. exf4 Qg6 26. Be7 Re6 27. Re1 Qf7
28. Bb4 Ng8 29. Rxe6 Qxe6 30. Re1 Qf6 31. Bc5 a5 32. Qb3 Qd8 33. Re5 Nh6 34.
Be7 Qd7 35. Bf6+ Kg8 36. Re7 Qd6 37. Rg7+ Kf8 38. Be7+ Qxe7 39. Rxe7 Kxe7 40.
Qb6 Bd7 41. Qc7 Re8 42. Qxa5 Nf7 43. a4 Nd6 44. Qb4 Be6 45. a5 Kd7 46. a6 Ra8
47. Qb6 Ne8 48. a7 Nc7 49. Qb8 Kd6 50. Ba6 1-0

[Event "Liga Madrileña 2010/2011 - D. Honor"]
[Site "Madrid ESP"]
[Date "2011.03.06"]
[Round "12.31"]
[White "Almagro Llamas, Pablo"]
[Black "Vazquez Igarza, Renier"]
[Result "1/2-1/2"]
[WhiteElo "2472"]
[BlackElo "2558"]
[PlyCount "52"]
[EventDate "2010.11.21"]
[EventType "team"]
[EventRounds "14"]
[EventCountry "ESP"]
[Source "lmi"]
[SourceDate "2010.11.21"]
[WhiteTeam "Virgen de Atocha"]
[BlackTeam "Collado Villalba"]
[WhiteTeamCountry "ESP"]
[BlackTeamCountry "ESP"]

1. e4 c5 2. Nf3 e6 3. d4 cxd4 4. Nxd4 a6 5. Nc3 Qc7 6. Be2 Nf6 7. O-O d6 8. a4
b6 9. f4 Nbd7 10. Bf3 Bb7 11. Qe2 Be7 12. e5 dxe5 13. fxe5 Bc5 14. Rd1 Nxe5 15.
Bxb7 Neg4 16. Qf3 Rd8 17. Qc6+ Qxc6 18. Bxc6+ Ke7 19. Nce2 e5 20. c3 exd4 21.
Nxd4 Nd5 22. h3 Ne5 23. Bb7 a5 24. Kf1 Kf6 25. Nc2 Ke6 26. Nd4+ Kf6 1/2-1/2

[Event "Liga Madrileña 2010/2011 - D. Honor"]
[Site "Madrid ESP"]
[Date "2011.03.06"]
[Round "12.32"]
[White "Moreno Ruiz, Javier"]
[Black "Anton Guijarro, David"]
[Result "0-1"]
[WhiteElo "2527"]
[BlackElo "2421"]
[PlyCount "90"]
[EventDate "2010.11.21"]
[EventType "team"]
[EventRounds "14"]
[EventCountry "ESP"]
[Source "lmi"]
[SourceDate "2010.11.21"]
[WhiteTeam "Collado Villalba"]
[BlackTeam "Virgen de Atocha"]
[WhiteTeamCountry "ESP"]
[BlackTeamCountry "ESP"]

1. d4 e6 2. c4 Nf6 3. Nc3 Bb4 4. f3 O-O 5. a3 Bxc3+ 6. bxc3 Nc6 7. Bg5 h6 8.
Bh4 e5 9. e4 d6 10. Bf2 b6 11. Bd3 Na5 12. a4 Qe8 13. Ra3 Ba6 14. Qe2 Qc6 15.
d5 Qd7 16. g4 c6 17. h4 cxd5 18. cxd5 Bxd3 19. Qxd3 Rfc8 20. Ne2 Rc4 21. Qc2 h5
22. g5 Nh7 23. Ng3 g6 24. Kf1 Rac8 25. Kg2 Qc7 26. Rc1 Nf8 27. Nf1 Qe7 28. Ne3
R4c7 29. c4 Nd7 30. Qa2 f6 31. gxf6 Qxf6 32. Be1 Nc5 33. Rb1 Rf8 34. Qe2 Rcf7
35. Nf1 Kh7 36. Kh3 Qe7 37. Rb5 g5 38. Ng3 Rxf3 39. Rxf3 g4+ 40. Kh2 gxf3 41.
Qf1 Qxh4+ 42. Qh3 Qxh3+ 43. Kxh3 f2 44. Bxa5 Rf3 45. Kg2 Rxg3+ 0-1

[Event "Liga Madrileña 2010/2011 - D. Honor"]
[Site "Madrid ESP"]
[Date "2011.03.06"]
[Round "12.33"]
[White "Rubio Mejia, Luis"]
[Black "Ortiz Herranz, Eleazar"]
[Result "1-0"]
[WhiteElo "2409"]
[BlackElo "2243"]
[PlyCount "73"]
[EventDate "2010.11.21"]
[EventType "team"]
[EventRounds "14"]
[EventCountry "ESP"]
[Source "lmi"]
[SourceDate "2010.11.21"]
[WhiteTeam "Virgen de Atocha"]
[BlackTeam "Collado Villalba"]
[WhiteTeamCountry "ESP"]
[BlackTeamCountry "ESP"]

1. d4 Nf6 2. c4 g6 3. Nc3 d5 4. e3 Bg7 5. cxd5 Nxd5 6. Nxd5 Qxd5 7. Ne2 e5 8.
Nc3 Qd8 9. d5 c6 10. e4 cxd5 11. exd5 O-O 12. Be3 b6 13. Be2 Ba6 14. O-O f5 15.
f3 Rf7 16. Nb5 Bxb5 17. Bxb5 Qd6 18. Rc1 Nd7 19. Rc6 Qb4 20. Qb3 Qxb3 21. axb3
Nf6 22. d6 Rd7 23. Rd1 f4 24. Bf2 Bf8 25. Bc4+ Kg7 26. Be6 Rdd8 27. Bh4 g5 28.
Bxg5 Kg6 29. Bh4 Bh6 30. Rc7 Rf8 31. Be1 e4 32. fxe4 Nxe4 33. Bd5 Rae8 34. d7
Re5 35. Bxe4+ Rxe4 36. Bh4 f3 37. d8=Q 1-0

[Event "Liga Madrileña 2010/2011 - D. Honor"]
[Site "Madrid ESP"]
[Date "2011.03.06"]
[Round "12.34"]
[White "Cao Armillas, Jesus"]
[Black "Martinez Martin, David"]
[Result "1/2-1/2"]
[WhiteElo "2189"]
[BlackElo "2398"]
[PlyCount "97"]
[EventDate "2010.11.21"]
[EventType "team"]
[EventRounds "14"]
[EventCountry "ESP"]
[Source "lmi"]
[SourceDate "2010.11.21"]
[WhiteTeam "Collado Villalba"]
[BlackTeam "Virgen de Atocha"]
[WhiteTeamCountry "ESP"]
[BlackTeamCountry "ESP"]

1. d4 Nf6 2. c4 c5 3. d5 g6 4. Nc3 Bg7 5. Nf3 O-O 6. g3 a6 7. a4 d6 8. Bg2 Bg4
9. Nd2 Qc8 10. h3 Bd7 11. Qb3 a5 12. Nde4 Ne8 13. Bg5 f6 14. Bd2 Na6 15. f4 Nb4
16. Nb5 Nc7 17. Rc1 Nxb5 18. cxb5 Be8 19. O-O Bf7 20. Bxb4 axb4 21. Nd2 f5 22.
Nc4 Qd8 23. Qd1 b6 24. b3 Ra7 25. Qd3 e6 26. Kh2 Bd4 27. dxe6 Bxe6 28. e3 d5
29. Bxd5 Bxd5 30. exd4 Be4 31. Qd2 Rd7 32. Rcd1 Rxd4 33. Qc1 Bd3 34. Rfe1 Bxc4
35. bxc4 Qd6 36. Rxd4 Qxd4 37. Re2 Rd8 38. Qe1 Kf8 39. a5 Qxc4 40. axb6 Qxb5
41. Re6 Qd7 42. Re2 Kf7 43. Ra2 Qe6 44. Ra7+ Kf6 45. Qa1+ Rd4 46. b7 Qe2+ 47.
Kg1 Qe3+ 48. Kh2 Qf2+ 49. Kh1 1/2-1/2

[Event "Liga Madrileña 2010/2011 - D. Honor"]
[Site "Madrid ESP"]
[Date "2011.03.06"]
[Round "12.35"]
[White "Rabadan Velasco, Raul"]
[Black "Bote Alvarez-Carrasco, Valentin"]
[Result "1-0"]
[WhiteElo "2350"]
[BlackElo "2183"]
[PlyCount "98"]
[EventDate "2010.11.21"]
[EventType "team"]
[EventRounds "14"]
[EventCountry "ESP"]
[Source "lmi"]
[SourceDate "2010.11.21"]
[WhiteTeam "Virgen de Atocha"]
[BlackTeam "Collado Villalba"]
[WhiteTeamCountry "ESP"]
[BlackTeamCountry "ESP"]

1. d4 d5 2. c4 c6 3. e3 Nf6 4. Bd3 g6 5. Qc2 Bg7 6. Nf3 Na6 7. Bd2 c5 8. cxd5
cxd4 9. Nxd4 Qxd5 10. O-O O-O 11. Nc3 Qh5 12. Bxa6 bxa6 13. Na4 Bb7 14. Nc6
Bxc6 15. Qxc6 Qd5 16. Qxd5 Nxd5 17. Rac1 Rfc8 18. b3 Nb6 19. Nc3 Rc6 20. Ne4
Rac8 21. Rxc6 Rxc6 22. Rc1 Rxc1+ 23. Bxc1 Nd5 24. Bd2 Be5 25. Nc5 Nc7 26. Ba5
Bd6 27. b4 Nd5 28. Nxa6 Kf8 29. b5 Ke8 30. g3 Kd7 31. Kf1 Nc7 32. Bxc7 Bxc7 33.
Ke2 Bd6 34. Kd3 h5 35. h3 f5 36. Kc4 Ke6 37. a4 g5 38. a5 Kd7 39. Nc5+ Kc8 40.
Ne6 h4 41. gxh4 gxh4 42. f4 Ba3 43. Nd4 Bc1 44. Kd3 e5 45. fxe5 f4 46. exf4
Bxf4 47. Ke4 Bd2 48. Nc6 Kc7 49. Kd5 Be1 1-0

[Event "Liga Madrileña 2010/2011 - D. Honor"]
[Site "Madrid ESP"]
[Date "2011.03.06"]
[Round "12.36"]
[White "Lorite Cruz, Francisco"]
[Black "Rudolf, Anna"]
[Result "0-1"]
[WhiteElo "2095"]
[BlackElo "2347"]
[PlyCount "46"]
[EventDate "2010.11.21"]
[EventType "team"]
[EventRounds "14"]
[EventCountry "ESP"]
[Source "lmi"]
[SourceDate "2010.11.21"]
[WhiteTeam "Collado Villalba"]
[BlackTeam "Virgen de Atocha"]
[WhiteTeamCountry "ESP"]
[BlackTeamCountry "ESP"]

1. e4 e6 2. d4 d5 3. exd5 exd5 4. Bd3 Nc6 5. c3 Bd6 6. Qf3 Nge7 7. Ne2 O-O 8.
Bg5 Be6 9. Qh5 h6 10. h3 Qd7 11. Be3 Bf5 12. Bxf5 Nxf5 13. Qg4 Rad8 14. Bc1
Rfe8 15. O-O Re4 16. Qf3 Rde8 17. Ng3 Nxg3 18. fxg3 R8e6 19. Bf4 Bxf4 20. gxf4
Re2 21. f5 R6e3 22. Qf4 Re4 23. Qc1 Qd6 0-1

[Event "Liga Madrileña 2010/2011 - D. Honor"]
[Site "Madrid ESP"]
[Date "2011.03.06"]
[Round "12.41"]
[White "Hernandez Gallardo, Francisco Javier"]
[Black "Herraiz Hidalgo, Herminio"]
[Result "0-1"]
[WhiteElo "2330"]
[BlackElo "2494"]
[PlyCount "42"]
[EventDate "2010.11.21"]
[EventType "team"]
[EventRounds "14"]
[EventCountry "ESP"]
[Source "lmi"]
[SourceDate "2010.11.21"]
[WhiteTeam "Moratalaz"]
[BlackTeam "Vallecas CDV"]
[WhiteTeamCountry "ESP"]
[BlackTeamCountry "ESP"]

1. e4 e6 2. d4 d5 3. Nd2 Be7 4. Ngf3 Nf6 5. exd5 exd5 6. Bd3 O-O 7. O-O c5 8.
dxc5 Bxc5 9. Nb3 Bb6 10. Bg5 Bg4 11. Re1 Nc6 12. Bh4 h6 13. c3 g5 14. Bg3 Ne4
15. c4 Nxg3 16. hxg3 dxc4 17. Bxc4 Qf6 18. Re4 Rad8 19. Qe2 Bf5 20. Bd3 Bxe4
21. Qxe4 Qg6 0-1

[Event "Liga Madrileña 2010/2011 - D. Honor"]
[Site "Madrid ESP"]
[Date "2011.03.06"]
[Round "12.42"]
[White "Gonzalez Mateos, Rafael"]
[Black "Serrano Salvador, Eduardo"]
[Result "0-1"]
[WhiteElo "2197"]
[BlackElo "2359"]
[PlyCount "64"]
[EventDate "2010.11.21"]
[EventType "team"]
[EventRounds "14"]
[EventCountry "ESP"]
[Source "lmi"]
[SourceDate "2010.11.21"]
[WhiteTeam "Vallecas CDV"]
[BlackTeam "Moratalaz"]
[WhiteTeamCountry "ESP"]
[BlackTeamCountry "ESP"]

1. d4 b6 2. e4 Bb7 3. Bd3 e6 4. Nf3 c5 5. c3 Nf6 6. Qe2 Be7 7. O-O Qc8 8. Bg5
h6 9. Bh4 Ba6 10. c4 g5 11. Bg3 g4 12. Ne5 h5 13. Bh4 d6 14. f3 g3 15. Bxg3
cxd4 16. f4 dxe5 17. fxe5 Ng4 18. Nd2 Nc6 19. Nf3 Nb4 20. Rfc1 h4 21. Bf4 Rg8
22. a3 Nxd3 23. Qxd3 Ne3 24. Bxe3 dxe3 25. b4 Bb7 26. Qxe3 Qc6 27. Re1 Rg4 28.
Qh6 O-O-O 29. Qh5 Rdg8 30. Qxf7 Rxg2+ 31. Kh1 R2g7 32. Qh5 Qe8 0-1

[Event "Liga Madrileña 2010/2011 - D. Honor"]
[Site "Madrid ESP"]
[Date "2011.03.06"]
[Round "12.43"]
[White "Ramirez Garcia, Jorge Alberto"]
[Black "Pastor Alonso de Prado, Alberto"]
[Result "1-0"]
[WhiteElo "2255"]
[BlackElo "2176"]
[PlyCount "45"]
[EventDate "2010.11.21"]
[EventType "team"]
[EventRounds "14"]
[EventCountry "ESP"]
[Source "lmi"]
[SourceDate "2010.11.21"]
[WhiteTeam "Moratalaz"]
[BlackTeam "Vallecas CDV"]
[WhiteTeamCountry "ESP"]
[BlackTeamCountry "ESP"]

1. e4 e5 2. Nf3 Nc6 3. d4 exd4 4. Nxd4 d6 5. Nc3 Nf6 6. Bb5 Bd7 7. Bxc6 bxc6 8.
Qf3 Be7 9. e5 dxe5 10. Nxc6 Bxc6 11. Qxc6+ Nd7 12. O-O O-O 13. Rd1 Bd6 14. Nb5
Nb6 15. Be3 Rb8 16. c4 Qe8 17. Qxe8 Rfxe8 18. c5 Nc4 19. cxd6 Nxe3 20. dxc7
Nxd1 21. cxb8=Q Rxb8 22. Rxd1 g6 23. Nxa7 1-0

[Event "Liga Madrileña 2010/2011 - D. Honor"]
[Site "Madrid ESP"]
[Date "2011.03.06"]
[Round "12.44"]
[White "Montañes Arribas, Adrian"]
[Black "Solaesa Navalpotro, Luis Julio"]
[Result "1/2-1/2"]
[WhiteElo "2147"]
[BlackElo "2251"]
[PlyCount "68"]
[EventDate "2010.11.21"]
[EventType "team"]
[EventRounds "14"]
[EventCountry "ESP"]
[Source "lmi"]
[SourceDate "2010.11.21"]
[WhiteTeam "Vallecas CDV"]
[BlackTeam "Moratalaz"]
[WhiteTeamCountry "ESP"]
[BlackTeamCountry "ESP"]

1. e4 c6 2. Ne2 d5 3. e5 Bf5 4. Ng3 Bg6 5. h4 h6 6. h5 Bh7 7. e6 fxe6 8. d4 e5
9. dxe5 e6 10. Bd3 Bxd3 11. Qxd3 Qd7 12. O-O Na6 13. c4 Bc5 14. a3 Bb6 15. b4
dxc4 16. Qxd7+ Kxd7 17. Be3 Ne7 18. Nd2 c3 19. Bxb6 axb6 20. Nde4 Nd5 21. Rfc1
Rhf8 22. b5 Nc5 23. bxc6+ bxc6 24. Nxc5+ bxc5 25. Ne4 Rf5 26. Nxc5+ Ke7 27. Ne4
Rxe5 28. Nxc3 Nf6 29. f3 Rxh5 30. Ne2 Rha5 31. Rxc6 Rxa3 32. Rxa3 Rxa3 33. Nf4
Re3 34. Kf2 Ra3 1/2-1/2

[Event "Liga Madrileña 2010/2011 - D. Honor"]
[Site "Madrid ESP"]
[Date "2011.03.06"]
[Round "12.46"]
[White "Muñoz Sanchez, Daniel"]
[Black "Cobo Diego, Fidel"]
[Result "1-0"]
[WhiteElo "1976"]
[BlackElo "2060"]
[PlyCount "93"]
[EventDate "2010.11.21"]
[EventType "team"]
[EventRounds "14"]
[EventCountry "ESP"]
[Source "lmi"]
[SourceDate "2010.11.21"]
[WhiteTeam "Vallecas CDV"]
[BlackTeam "Moratalaz"]
[WhiteTeamCountry "ESP"]
[BlackTeamCountry "ESP"]

1. e4 c5 2. Nc3 d6 3. f4 g6 4. Nf3 Bg7 5. Bb5+ Bd7 6. Bc4 Nc6 7. d3 e6 8. O-O
Nge7 9. Be3 Nd4 10. a4 O-O 11. Qd2 a6 12. Qf2 Nec6 13. g4 d5 14. exd5 exd5 15.
Bxd5 Bxg4 16. Bxc6 bxc6 17. Ng5 Re8 18. Qg2 Rxe3 19. Qxg4 Nxc2 20. Rac1 Nd4 21.
Rcd1 Nf5 22. Rf3 Bd4 23. Kh1 Rb8 24. Qh3 h5 25. Rxe3 Nxe3 26. Re1 Ng4 27. Qf3
Rxb2 28. Ne2 Bf6 29. Ne4 Bh4 30. Rd1 c4 31. h3 Nh6 32. d4 Rb3 33. N4c3 Nf5 34.
Qxc6 Ne3 35. Rg1 Qe7 36. d5 Nf5 37. Qxc4 Rb2 38. Qc8+ Kh7 39. Qxa6 Qe3 40. Kh2
Ng3 41. Rg2 Nxe2 42. Nxe2 Bf2 43. f5 Qe5+ 44. Kh1 Rb1+ 45. Ng1 Rxg1+ 46. Rxg1
Qxd5+ 47. Rg2 1-0

[Event "Liga Madrileña 2010/2011 - D. Honor"]
[Site "Madrid ESP"]
[Date "2011.03.13"]
[Round "13.11"]
[White "Candela Perez, Jose"]
[Black "Adan Bermudez, Sergio"]
[Result "1-0"]
[WhiteElo "2399"]
[BlackElo "2264"]
[PlyCount "71"]
[EventDate "2010.11.21"]
[EventType "team"]
[EventRounds "14"]
[EventCountry "ESP"]
[Source "lmi"]
[SourceDate "2010.11.21"]
[WhiteTeam "Leganes"]
[BlackTeam "Pueblo Nuevo"]
[WhiteTeamCountry "ESP"]
[BlackTeamCountry "ESP"]

1. e4 c5 2. Nf3 Nc6 3. d4 cxd4 4. Nxd4 Nf6 5. Nc3 e5 6. Ndb5 h6 7. Nd6+ Bxd6 8.
Qxd6 Qe7 9. Qxe7+ Kxe7 10. Be3 d6 11. f3 Be6 12. O-O-O a6 13. Kb1 Rac8 14. a3
Na5 15. g4 Nc4 16. Bxc4 Bxc4 17. Rd2 b5 18. Rhd1 Rhd8 19. Bb6 Rd7 20. Ba5 Rc6
21. Bb4 Nh7 22. f4 f6 23. b3 Bf7 24. f5 h5 25. gxh5 Bxh5 26. Rg1 Ng5 27. h4
Rxc3 28. Bxc3 Nxe4 29. Rxg7+ Bf7 30. Rd3 Kf8 31. Rg2 d5 32. Bb4+ Ke8 33. h5 Ng5
34. h6 Bh5 35. Rxg5 fxg5 36. Rh3 1-0

[Event "Liga Madrileña 2010/2011 - D. Honor"]
[Site "Madrid ESP"]
[Date "2011.03.13"]
[Round "13.12"]
[White "Barez Menendez, Hector"]
[Black "Reyes Larenas, Juan"]
[Result "0-1"]
[WhiteElo "2168"]
[BlackElo "2435"]
[PlyCount "94"]
[EventDate "2010.11.21"]
[EventType "team"]
[EventRounds "14"]
[EventCountry "ESP"]
[Source "lmi"]
[SourceDate "2010.11.21"]
[WhiteTeam "Pueblo Nuevo"]
[BlackTeam "Leganes"]
[WhiteTeamCountry "ESP"]
[BlackTeamCountry "ESP"]

1. Nf3 Nf6 2. c4 g6 3. g3 Bg7 4. Bg2 O-O 5. O-O d6 6. d4 Nbd7 7. Nc3 e5 8. e4
c6 9. h3 Re8 10. Be3 a5 11. Qc2 exd4 12. Nxd4 Nc5 13. Rad1 Qe7 14. Rfe1 a4 15.
f4 Nfd7 16. b4 axb3 17. axb3 Na6 18. Na2 Ndc5 19. b4 Ne6 20. Nf3 Nec7 21. Bf2
Be6 22. Ng5 Bc8 23. Rd2 h6 24. Nf3 Be6 25. Red1 b5 26. cxb5 Nxb5 27. Qxc6 Nac7
28. Nc1 Bc3 29. e5 Bxd2 30. exd6 Qxd6 31. Qxd6 Nxd6 32. Nxd2 Rab8 33. Bc5 Ncb5
34. Nf3 Ne4 35. Be3 Nbc3 36. Rd4 Nxg3 37. Kh2 Nf5 38. Rd3 Nxe3 39. Rxe3 Nd5 40.
Re4 Rxb4 41. Rxb4 Nxb4 42. Nd4 Bd5 43. Bxd5 Nxd5 44. f5 g5 45. Nce2 Re4 46. Kg3
Kg7 47. Kf2 Nf4 0-1

[Event "Liga Madrileña 2010/2011 - D. Honor"]
[Site "Madrid ESP"]
[Date "2011.03.13"]
[Round "13.13"]
[White "Arribas Lopez, Angel"]
[Black "Baigorri Navarro, Francisco Javier"]
[Result "0-1"]
[WhiteElo "2439"]
[BlackElo "2149"]
[PlyCount "112"]
[EventDate "2010.11.21"]
[EventType "team"]
[EventRounds "14"]
[EventCountry "ESP"]
[Source "lmi"]
[SourceDate "2010.11.21"]
[WhiteTeam "Leganes"]
[BlackTeam "Pueblo Nuevo"]
[WhiteTeamCountry "ESP"]
[BlackTeamCountry "ESP"]

1. Nf3 Nf6 2. c4 e6 3. Nc3 c5 4. g3 b6 5. Bg2 Bb7 6. O-O Be7 7. d4 cxd4 8. Nxd4
Bxg2 9. Kxg2 a6 10. e4 d6 11. Qf3 Ra7 12. Be3 Rc7 13. Rfd1 Nbd7 14. Qe2 Qa8 15.
f3 O-O 16. a4 Rfc8 17. b3 h6 18. g4 Ne8 19. Qf2 Nc5 20. Rab1 Bf6 21. h4 Be5 22.
Nde2 Nf6 23. Bd4 Qb7 24. Ng3 Qc6 25. g5 hxg5 26. hxg5 Bxg3 27. Qxg3 Nfxe4 28.
Nxe4 Nxe4 29. Qh4 e5 30. Rh1 Kf8 31. Rbe1 Nd2 32. Qf2 Nxb3 33. Bxe5 dxe5 34.
Rh8+ Ke7 35. Rxe5+ Kd7 36. Rh4 Rg8 37. Qc2 f6 38. Qf5+ Kd8 39. Re6 Qd7 40. Qg4
f5 41. Qxf5 Nd4 42. Qh7 Qxe6 43. Rxd4+ Kc8 44. Re4 Qf7 45. g6 Qf8 46. Qh3+ Kb7
47. Qe6 Qd8 48. a5 Rc6 49. Qf7+ Rc7 50. Qe6 bxa5 51. Re2 Qc8 52. Rb2+ Ka7 53.
Qe3+ Rc5 54. Qd4 Qc7 55. Rd2 Rc8 56. Qg4 Rxc4 0-1

[Event "Liga Madrileña 2010/2011 - D. Honor"]
[Site "Madrid ESP"]
[Date "2011.03.13"]
[Round "13.14"]
[White "Nieto de la Cruz, Julio"]
[Black "Taboas Rodriguez, Daniel"]
[Result "0-1"]
[WhiteElo "2135"]
[BlackElo "2366"]
[PlyCount "86"]
[EventDate "2010.11.21"]
[EventType "team"]
[EventRounds "14"]
[EventCountry "ESP"]
[Source "lmi"]
[SourceDate "2010.11.21"]
[WhiteTeam "Pueblo Nuevo"]
[BlackTeam "Leganes"]
[WhiteTeamCountry "ESP"]
[BlackTeamCountry "ESP"]

1. d4 Nf6 2. c4 d6 3. Nc3 e5 4. Nf3 Nbd7 5. e4 g6 6. g3 Bg7 7. Bg2 O-O 8. O-O
Re8 9. h3 exd4 10. Nxd4 Nc5 11. Re1 a5 12. Ndb5 Be6 13. e5 dxe5 14. Qxd8 Rexd8
15. Nxc7 Rac8 16. Nxe6 Nxe6 17. Bxb7 Rxc4 18. Ba6 Rc6 19. Bb5 Rc5 20. Be3 Nd4
21. Red1 Nd5 22. a4 Nxc3 23. bxc3 Rxc3 24. Rdc1 Rdc8 25. Kf1 Nc2 26. Bd2 R3c5
27. Rab1 e4 28. Kg1 Bd4 29. Rb3 h5 30. Rcb1 Bc3 31. Bxc3 Rxc3 32. Rxc3 Rxc3 33.
Rc1 Kf8 34. Kh2 Ke7 35. Be2 Rc6 36. Bb5 Rc5 37. Rd1 Na3 38. Bf1 f5 39. Rd2 Rc2
40. Rd5 Rxf2+ 41. Kg1 Rf3 42. Kg2 Nc2 43. Re5+ Kf6 0-1

[Event "Liga Madrileña 2010/2011 - D. Honor"]
[Site "Madrid ESP"]
[Date "2011.03.13"]
[Round "13.15"]
[White "Davicce Cañada, Juan Antonio"]
[Black "Fernandez Lledo, Javier"]
[Result "0-1"]
[WhiteElo "2097"]
[BlackElo "2138"]
[PlyCount "94"]
[EventDate "2010.11.21"]
[EventType "team"]
[EventRounds "14"]
[EventCountry "ESP"]
[Source "lmi"]
[SourceDate "2010.11.21"]
[WhiteTeam "Leganes"]
[BlackTeam "Pueblo Nuevo"]
[WhiteTeamCountry "ESP"]
[BlackTeamCountry "ESP"]

1. d4 Nf6 2. c4 g6 3. Nc3 Bg7 4. e4 d6 5. Be2 O-O 6. Nf3 e5 7. dxe5 dxe5 8.
Qxd8 Rxd8 9. Nd5 Nxd5 10. cxd5 c6 11. Bc4 b5 12. Bb3 Bb7 13. Bg5 Rd7 14. Rc1 h6
15. Be3 Kh7 16. O-O cxd5 17. Bxd5 Bxd5 18. exd5 Na6 19. Rfd1 Rad8 20. g3 Rxd5
21. Rxd5 Rxd5 22. Bxa7 e4 23. Nh4 Bxb2 24. Rb1 Bc3 25. a3 g5 26. Ng2 Rd7 27.
Bb6 Rb7 28. Be3 Nc7 29. Bc5 Ne6 30. Bb4 Be5 31. Ne3 Nd4 32. Bc5 Ne6 33. Bb4 Kg6
34. Bd2 Nd4 35. Kg2 Nf3 36. Ba5 h5 37. a4 Ra7 38. Rxb5 h4 39. Nc4 Bd4 40. Nd6
f5 41. Nxf5 h3+ 42. Kh1 Bxf2 43. g4 Rd7 44. Rb1 e3 45. Nxe3 Bxe3 46. Bc3 Rc7
47. Ba5 Rc2 0-1

[Event "Liga Madrileña 2010/2011 - D. Honor"]
[Site "Madrid ESP"]
[Date "2011.03.13"]
[Round "13.16"]
[White "Del Barrio Garcia, Alberto"]
[Black "Pedrajas Estepa, Manuel"]
[Result "0-1"]
[WhiteElo "1940"]
[BlackElo "2097"]
[PlyCount "76"]
[EventDate "2010.11.21"]
[EventType "team"]
[EventRounds "14"]
[EventCountry "ESP"]
[Source "lmi"]
[SourceDate "2010.11.21"]
[WhiteTeam "Pueblo Nuevo"]
[BlackTeam "Leganes"]
[WhiteTeamCountry "ESP"]
[BlackTeamCountry "ESP"]

1. d4 Nf6 2. Nf3 g6 3. Bf4 Bg7 4. e3 O-O 5. Be2 d6 6. h3 Nbd7 7. O-O Re8 8. Nc3
c6 9. a4 a5 10. Bc4 Nh5 11. Bh2 d5 12. Be2 Nhf6 13. Ne5 Nxe5 14. Bxe5 Nd7 15.
Bxg7 Kxg7 16. f4 f5 17. Nb1 Nf6 18. Bd3 Ne4 19. Bxe4 dxe4 20. c4 Be6 21. Nd2
Qb6 22. Qc2 Red8 23. Qc3 Qb4 24. c5 Rdb8 25. Qxb4 axb4 26. a5 Ra6 27. Ra4 b3
28. Rfa1 Kf6 29. h4 h6 30. Rb4 g5 31. hxg5+ hxg5 32. g3 gxf4 33. gxf4 Rh8 34.
Nxb3 Raa8 35. Ra2 Rag8+ 36. Kf2 Rh2+ 37. Kf1 Rgg2 38. Rxb7 Bc4+ 0-1

[Event "Liga Madrileña 2010/2011 - D. Honor"]
[Site "Madrid ESP"]
[Date "2011.03.13"]
[Round "13.21"]
[White "Valles Moreno, Ivan"]
[Black "Hernandez Gallardo, Francisco Javier"]
[Result "1/2-1/2"]
[WhiteElo "2366"]
[BlackElo "2330"]
[PlyCount "78"]
[EventDate "2010.11.21"]
[EventType "team"]
[EventRounds "14"]
[EventCountry "ESP"]
[Source "lmi"]
[SourceDate "2010.11.21"]
[WhiteTeam "Amigos del Retiro"]
[BlackTeam "Moratalaz"]
[WhiteTeamCountry "ESP"]
[BlackTeamCountry "ESP"]

1. d4 d6 2. e4 Nf6 3. f3 c5 4. d5 g6 5. c4 b5 6. cxb5 a6 7. a4 Bg7 8. Na3 O-O
9. Ne2 axb5 10. Nxb5 Na6 11. Nec3 Nc7 12. Bg5 Ba6 13. Be2 h6 14. Bh4 Nh5 15.
O-O Nf4 16. Bc4 Qd7 17. Qd2 g5 18. Bf2 Bxc3 19. bxc3 Nxb5 20. axb5 Bxb5 21.
Bxb5 Qxb5 22. Be3 Ng6 23. f4 f6 24. h4 Rxa1 25. Rxa1 Nxh4 26. fxg5 hxg5 27.
Bxg5 Ng6 28. Bh6 Rb8 29. Qe3 Qd7 30. Qg3 Kf7 31. Rf1 Rg8 32. Rf5 Ne5 33. Qh3
Rg6 34. Bf4 Ng4 35. Qh7+ Rg7 36. Qh5+ Kg8 37. Bh6 Nxh6 38. Qxh6 Qa4 39. Qe3 Qc2
1/2-1/2